000 01004nam a22003257a 4500
001 0008148
003 KOHA_MİRAKIL
005 20260207001623.0
007 ta
008 091008b2000 tu |||gr||||#||||0|tur |
020 _a9755641041
040 _aTR-BiSEU
_btur
_cTR-BiSEU
_erda
041 0 _atur
044 _ctu
050 _aHF5415.2
_b.T65 2000
100 0 _aTokol,Tuncer.
245 1 _aPazarlama araştırması/
_cTokol,Tuncer ; Tuncer Tokol.
264 1 _aBursa :
_bVipaş
_c2000
300 _aX, 170 sayfa
336 _ametin
_btxt
_2rdacontent
337 _aaracısız
_bn
_2rdamedia
338 _acilt
_bnc
_2rdacarrier
490 1 _aUludağ Üniversitesi Güçlendirme Vakfı Yayın;no:164, VİPAŞ A.Ş.
490 1 _aYayın sıra no: 40.
500 _aKaynakça var.
650 0 _aPazarlama araştırması.
_920228
830 1 _aUludağ Üniversitesi Güçlendirme Vakfı Yayın;no:164, VİPAŞ A.Ş.
_920229
830 1 _aYayın sıra no: 40.
_920230
942 _2lcc
_cBK
999 _c8121
_d8121